000 00650nam a22002297a 4500
003 UA-OsUOA
001 44810
007 ta
008 20110228b un ||||| |||| 00| 0 ukr d
100 _aНазарук О.
090 _a82-94
_bН19
942 _cBR
040 _aUA-OsUOA
_bukr
_cUA-OsUOA
_dUA-OsUOA
245 _aПерші вражіння з Києва
300 _a28 с.
955 _a4
041 _aukr
080 _a82-94
650 7 _a82 Література. Літературознавство
_2UDC
999 _c424912
_d424912